| 000 | 00373nam a2200133Ia 4500 | ||
|---|---|---|---|
| 008 | 231129s9999||||xx |||||||||||||| ||spa|| | ||
| 020 | _a950-15-1357-2 | ||
| 040 | _bspa | ||
| 082 | _a944.033 K37h | ||
| 100 | _aKent Princesa de | ||
| 245 | 0 | _aHistorias de amor en alcobas reales | |
| 264 | _aJavier Vergara Editor | ||
| 942 |
_2ddc _cBKS |
||
| 999 |
_c15366 _d15366 |
||